|
|
|
|
| LEADER |
00000nab a2200000 4500 |
| 001 |
vtls011915336 |
| 003 |
SK-MaSNL |
| 005 |
20260318114404.0 |
| 008 |
200204c2018 xo er|n || ||00 c0ukr |
| 015 |
|
|
|a SNBRB2018/09
|
| 038 |
|
|
|a SVKPOCL
|
| 040 |
|
|
|a SVKPOCL
|b slo
|c SVKPOCL
|e rda
|
| 041 |
0 |
|
|a ukr
|
| 043 |
|
|
|a e-xo---
|
| 044 |
|
|
|a xo
|c SK
|
| 072 |
|
7 |
|a 352/354
|x Stupne miestnej, oblastnej a ústrednej správy
|2 konspekt
|
| 072 |
|
7 |
|a 316.7
|x Sociológia kultúry. Kultúrny život
|2 konspekt
|
| 080 |
|
|
|a 316.022.4(=161.2)-055.2
|2 2011
|
| 080 |
|
|
|a (437.671)
|2 2011
|
| 080 |
|
|
|a (438)
|2 2011
|
| 080 |
|
|
|a 352:351.88
|2 2011
|
| 100 |
1 |
|
|a Dvončová Repčíková, Jarmila
|4 aut
|9 1329025
|
| 245 |
1 |
0 |
|a Z lystiv čytačiv
|c Jarmyla Repčykova
|
| 300 |
|
|
|b Fotografie
|
| 336 |
|
|
|a text
|b txt
|2 rdacontent
|
| 337 |
|
|
|a bez média
|b n
|2 rdamedia
|
| 338 |
|
|
|a zväzok
|b nc
|2 rdacarrier
|
| 500 |
|
|
|a V rubrike Kuľtura
|
| 600 |
1 |
7 |
|a Betuš, Cyril
|2 svkpocl
|9 450702
|
| 600 |
1 |
7 |
|a Suváková, Miroslava
|2 svkpocl
|9 1624642
|
| 600 |
1 |
7 |
|a Petruško, Martin,
|d 1973-
|2 svkpocl
|9 1111449
|
| 600 |
1 |
7 |
|a Macko, Iryna,
|d 1961-
|2 svkpocl
|9 671495
|
| 610 |
2 |
7 |
|a Združenie žien Slovenska (dobrovoľnícka organizácia : Košice, Slovensko)
|2 svkpocl
|9 1330721
|
| 648 |
|
7 |
|a 24.9.2018
|2 svkpocl
|9 1604343
|
| 648 |
|
7 |
|a 2003-2018
|2 svkpocl
|9 1325992
|
| 650 |
0 |
7 |
|a spolupráca
|2 SNKPH
|9 20291
|
| 650 |
0 |
7 |
|a Rusíni
|2 SNKPH
|9 4087
|
| 650 |
0 |
7 |
|a Ukrajinci
|2 SNKPH
|9 19025
|
| 650 |
0 |
7 |
|a ženské organizácie
|2 svkpocl
|9 610158
|
| 651 |
|
7 |
|a Košice (Slovensko)
|2 SNKPHgeo
|9 18694
|
| 651 |
|
7 |
|a Slovensko
|2 SNKPHgeo
|9 14231
|
| 651 |
|
7 |
|a Rzešov (Poľsko)
|2 svkpocl
|9 222141
|
| 651 |
|
7 |
|a Ťahanovce (Košice I, Slovensko)
|2 SNKPHgeo
|9 168684
|
| 651 |
|
7 |
|a Podkarpatské vojvodstvo (Poľsko)
|2 SNKPHgeo
|9 213052
|
| 773 |
0 |
|
|t Nove žyttja
|g Roč. 68, č. 20 (2018), s. 5
|
| 852 |
|
|
|a SVKPO
|b KIS3GCP
|
| 958 |
|
|
|a RN
|
| 958 |
|
|
|a SS
|
| 958 |
|
|
|a BX
|
| 958 |
|
|
|a UK
|
| 958 |
|
|
|a NM
|
| 958 |
|
|
|a PL
|
| 999 |
|
|
|c 3351714
|d 3353644
|